000
00331nam a2200133 i 4500
001
bg
100
1
_a
KOSMINSKIJ, B. M.
245
0
_a
Anglo -russkij slovar' po uogolnoj pomyslenosti /
_c
B.M. Kosminskij.
260
_a
Moskva,
_c
1950.
040
_c
BPK
041
_a
pol
942
_c
KS
008
s pl f |000 0 pol
999
_c
16291
_d
16291